000 00586nam a22001817a 4500
003 OSt
005 20260128052423.0
008 260128b |||||||| |||| 00| 0 eng d
020 _a971-8705-57-0.
040 _aDWC-Main lib.
_cOC
082 _aSC. 890.081 K81 2001
100 _aKomisyon sa Wikang Filipino
245 _aMga lahok sa talaang ginto gawad surian sa tula gantimpalang Collantes/
_cKomisyon sa Wikang Filipino
260 _aManila:
_b Komisyon Sa Wikang Filipino,
_cc2001.
300 _avi, 217 p. ;
_c23 cm.
650 _aTagalog poetry.
942 _2ddc
_cSC
_hSC.
_n0
999 _c7894
_d7894